<?xml version="1.0" encoding="UTF-8"?>
<record
    xmlns:xsi="http://www.w3.org/2001/XMLSchema-instance"
    xsi:schemaLocation="http://www.loc.gov/MARC21/slim http://www.loc.gov/standards/marcxml/schema/MARC21slim.xsd"
    xmlns="http://www.loc.gov/MARC21/slim">

  <leader>00446nam a2200169   4500</leader>
  <controlfield tag="003">SEACOMMC</controlfield>
  <controlfield tag="005">20250429155513.0</controlfield>
  <controlfield tag="008">250104b        |||||||| |||| 00| 0 eng d</controlfield>
  <datafield tag="020" ind1=" " ind2=" ">
    <subfield code="a">978-0-70699-026-3</subfield>
    <subfield code="c">Rs.165.00</subfield>
  </datafield>
  <datafield tag="040" ind1=" " ind2=" ">
    <subfield code="a">SEACOMMC</subfield>
  </datafield>
  <datafield tag="082" ind1=" " ind2=" ">
    <subfield code="a">070.4</subfield>
    <subfield code="b">K 15</subfield>
  </datafield>
  <datafield tag="100" ind1=" " ind2=" ">
    <subfield code="a"> Kamath, M.V</subfield>
  </datafield>
  <datafield tag="245" ind1="1" ind2=" ">
    <subfield code="a">The Journalist's Handbook</subfield>
    <subfield code="c">M.V. Kamath</subfield>
  </datafield>
  <datafield tag="260" ind1=" " ind2=" ">
    <subfield code="a"> New Delhi</subfield>
    <subfield code="b"> Vikas Publishing House </subfield>
    <subfield code="c"> 2005</subfield>
  </datafield>
  <datafield tag="650" ind1=" " ind2=" ">
    <subfield code="a"> News media </subfield>
  </datafield>
  <datafield tag="942" ind1=" " ind2=" ">
    <subfield code="c">BOOK</subfield>
  </datafield>
  <datafield tag="952" ind1=" " ind2=" ">
    <subfield code="0">0</subfield>
    <subfield code="1">0</subfield>
    <subfield code="2">ddc</subfield>
    <subfield code="4">0</subfield>
    <subfield code="7">0</subfield>
    <subfield code="a">SEACOMMC</subfield>
    <subfield code="b">SEACOMMC</subfield>
    <subfield code="c">REF</subfield>
    <subfield code="d">2007-12-19</subfield>
    <subfield code="l">0</subfield>
    <subfield code="o">070.4 K 15</subfield>
    <subfield code="p">M-1539</subfield>
    <subfield code="r">2025-01-04 13:34:45</subfield>
    <subfield code="w">2025-01-04</subfield>
    <subfield code="y">BOOK</subfield>
  </datafield>
  <datafield tag="952" ind1=" " ind2=" ">
    <subfield code="0">0</subfield>
    <subfield code="1">0</subfield>
    <subfield code="2">ddc</subfield>
    <subfield code="4">0</subfield>
    <subfield code="7">0</subfield>
    <subfield code="a">SEACOMMC</subfield>
    <subfield code="b">SEACOMMC</subfield>
    <subfield code="d">2007-12-19</subfield>
    <subfield code="l">0</subfield>
    <subfield code="o">070.4 K 15</subfield>
    <subfield code="p">M-1540</subfield>
    <subfield code="r">2025-01-04 13:35:26</subfield>
    <subfield code="t">1</subfield>
    <subfield code="w">2025-01-04</subfield>
    <subfield code="y">BOOK</subfield>
  </datafield>
  <datafield tag="952" ind1=" " ind2=" ">
    <subfield code="0">0</subfield>
    <subfield code="1">0</subfield>
    <subfield code="2">ddc</subfield>
    <subfield code="4">0</subfield>
    <subfield code="7">0</subfield>
    <subfield code="a">SEACOMMC</subfield>
    <subfield code="b">SEACOMMC</subfield>
    <subfield code="d">2007-12-19</subfield>
    <subfield code="l">0</subfield>
    <subfield code="o">070.4 K 15</subfield>
    <subfield code="p">M-1541</subfield>
    <subfield code="r">2025-01-04 13:35:26</subfield>
    <subfield code="t">2</subfield>
    <subfield code="w">2025-01-04</subfield>
    <subfield code="y">BOOK</subfield>
  </datafield>
  <datafield tag="952" ind1=" " ind2=" ">
    <subfield code="0">0</subfield>
    <subfield code="1">0</subfield>
    <subfield code="2">ddc</subfield>
    <subfield code="4">0</subfield>
    <subfield code="7">0</subfield>
    <subfield code="a">SEACOMMC</subfield>
    <subfield code="b">SEACOMMC</subfield>
    <subfield code="d">2007-12-19</subfield>
    <subfield code="l">0</subfield>
    <subfield code="o">070.4 K 15</subfield>
    <subfield code="p">M-1542</subfield>
    <subfield code="r">2025-01-04 13:35:26</subfield>
    <subfield code="t">3</subfield>
    <subfield code="w">2025-01-04</subfield>
    <subfield code="y">BOOK</subfield>
  </datafield>
  <datafield tag="952" ind1=" " ind2=" ">
    <subfield code="0">0</subfield>
    <subfield code="1">0</subfield>
    <subfield code="2">ddc</subfield>
    <subfield code="4">0</subfield>
    <subfield code="7">0</subfield>
    <subfield code="a">SEACOMMC</subfield>
    <subfield code="b">SEACOMMC</subfield>
    <subfield code="d">2007-12-19</subfield>
    <subfield code="l">0</subfield>
    <subfield code="o">070.4 K 15</subfield>
    <subfield code="p">M-1543</subfield>
    <subfield code="r">2025-01-04 13:35:26</subfield>
    <subfield code="t">4</subfield>
    <subfield code="w">2025-01-04</subfield>
    <subfield code="y">BOOK</subfield>
  </datafield>
  <datafield tag="952" ind1=" " ind2=" ">
    <subfield code="0">0</subfield>
    <subfield code="1">0</subfield>
    <subfield code="2">ddc</subfield>
    <subfield code="4">0</subfield>
    <subfield code="7">0</subfield>
    <subfield code="a">SEACOMMC</subfield>
    <subfield code="b">SEACOMMC</subfield>
    <subfield code="d">2007-12-19</subfield>
    <subfield code="l">0</subfield>
    <subfield code="o">070.4 K 15</subfield>
    <subfield code="p">M-1544</subfield>
    <subfield code="r">2025-01-04 13:35:26</subfield>
    <subfield code="t">5</subfield>
    <subfield code="w">2025-01-04</subfield>
    <subfield code="y">BOOK</subfield>
  </datafield>
  <datafield tag="952" ind1=" " ind2=" ">
    <subfield code="0">0</subfield>
    <subfield code="1">0</subfield>
    <subfield code="2">ddc</subfield>
    <subfield code="4">0</subfield>
    <subfield code="7">0</subfield>
    <subfield code="a">SEACOMMC</subfield>
    <subfield code="b">SEACOMMC</subfield>
    <subfield code="d">2007-12-19</subfield>
    <subfield code="l">0</subfield>
    <subfield code="o">070.4 K 15</subfield>
    <subfield code="p">M-1545</subfield>
    <subfield code="r">2025-01-04 13:35:26</subfield>
    <subfield code="t">6</subfield>
    <subfield code="w">2025-01-04</subfield>
    <subfield code="y">BOOK</subfield>
  </datafield>
  <datafield tag="999" ind1=" " ind2=" ">
    <subfield code="c">972</subfield>
    <subfield code="d">972</subfield>
  </datafield>
</record>
